Statystyki dla Państwa graniczące z DRK

Kliknij tutaj aby rozwiązać quiz!

Ogólne statystyki

  • Ten quiz został rozwiązany 22 razy
  • Średni wynik to 8 z 9

Statystyki odpowiedzi

Długość granicy (w km)Państwo% Poprawnych
2646Angola
95%
1747Republika Środkowoafrykańska
95%
479Tanzania
95%
221Rwanda
90%
877Uganda
90%
2332Zambia
90%
236Burundi
85%
714Sudan Południowy
85%
1229Kongo
80%

Rozkład punktacji

Percentyl według liczby udzielonych odpowiedzi

Procent ludzi z każdym wynikiem

Twoja historia wyników

Nie rozwiązałeś tego quizu